Abeceda obchodu: Dodací podmínky při vývozu

Dodacie podmienky a použitie príslušných dodacích doložiek podľa publikácie INCOTERMS 2000, vydanej Medzinárodnou obchodnou komorou v Paríži, platnou pre vývoz v Európe.

Salvato in:
Dettagli Bibliografici
Autore principale: Kalvoda, Jan
Natura: Capitolo di libro
Lingua:ceco
Soggetti:
Tags: Aggiungi Tag
Nessun Tag, puoi essere il primo ad aggiungerne!!

MARC

LEADER 00000naa a2200000 4500
001 r046367
005 20230908091752.0
041 0 |a cze 
044 |a CZ 
245 1 0 |a Abeceda obchodu: Dodací podmínky při vývozu  |c Jan Kalvoda 
520 |a Dodacie podmienky a použitie príslušných dodacích doložiek podľa publikácie INCOTERMS 2000, vydanej Medzinárodnou obchodnou komorou v Paríži, platnou pre vývoz v Európe. 
610 2 0 |a styk zahraničnoobchodný 
610 2 0 |a partneri obchodní 
610 2 0 |a technika obchodná 
610 2 0 |a podmienky dodacie 
100 1 |a Kalvoda, Jan